<?xml version="1.0" encoding="UTF-8"?>
<collection xmlns="http://www.loc.gov/MARC21/slim">
 <record>
  <leader>00855nmm a2200205   4500</leader>
  <controlfield tag="001">1/24153</controlfield>
  <controlfield tag="008">041216s2003    xxu    f   ba       eng  </controlfield>
  <datafield tag="035" ind1=" " ind2=" ">
   <subfield code="l">25889</subfield>
  </datafield>
  <datafield tag="040" ind1=" " ind2=" ">
   <subfield code="a">GR-PeUP</subfield>
  </datafield>
  <datafield tag="082" ind1="0" ind2="0">
   <subfield code="a">CD ROM 621.3810285 ELE</subfield>
  </datafield>
  <datafield tag="245" ind1="0" ind2="0">
   <subfield code="a">Electronics &amp; IC CAD :</subfield>
   <subfield code="b">Professional Edition</subfield>
  </datafield>
  <datafield tag="260" ind1="0" ind2=" ">
   <subfield code="a">[χ.τ.]:</subfield>
   <subfield code="b">Tradetouch,</subfield>
   <subfield code="c">2003</subfield>
  </datafield>
  <datafield tag="300" ind1=" " ind2=" ">
   <subfield code="a">1 CD - ROM ;</subfield>
   <subfield code="c">4 3/4 in.</subfield>
  </datafield>
  <datafield tag="500" ind1=" " ind2=" ">
   <subfield code="a">Best collection of electronics and IC CAD tools</subfield>
  </datafield>
  <datafield tag="500" ind1=" " ind2=" ">
   <subfield code="a">Over 630MB utilities</subfield>
  </datafield>
  <datafield tag="500" ind1=" " ind2=" ">
   <subfield code="a">This CD-ROM consists of freeware, shareware and demo programs</subfield>
  </datafield>
  <datafield tag="538" ind1=" " ind2=" ">
   <subfield code="a">Απαιτήσεις συστήματος: Windows 9X/ME/NT/2000/XP, Microsoft IE, 16MB RAM, CD-ROM drive, mouse, SVGA monitor, 16bit color video card</subfield>
  </datafield>
  <datafield tag="650" ind1=" " ind2="4">
   <subfield code="a">Electronics.</subfield>
  </datafield>
  <datafield tag="650" ind1=" " ind2="4">
   <subfield code="a">CAD (Computer program)</subfield>
  </datafield>
  <datafield tag="852" ind1=" " ind2=" ">
   <subfield code="a">INST</subfield>
   <subfield code="b">UNIPILB</subfield>
   <subfield code="c">MMEDIA</subfield>
   <subfield code="e">20041216</subfield>
   <subfield code="h">CD ROM 621.3810285 ELE</subfield>
   <subfield code="p">00145525</subfield>
   <subfield code="q">00145525</subfield>
   <subfield code="t">NOLOAN</subfield>
   <subfield code="y">23</subfield>
   <subfield code="4">1</subfield>
  </datafield>
 </record>
</collection>
